|
|
|
|
| LEADER |
01616nam a2200265 a 4500 |
| 001 |
GR-MES11801 |
| 008 |
070316s gr b 001 0 gre d |
| 020 |
|
|
|a 0761930043
|q (hardcover)
|
| 040 |
|
|
|a GrPaTEI
|b gre
|c GR-PaULI
|
| 040 |
|
|
|a GrPaTEI
|b gre
|c GR-PaULI
|
| 082 |
|
0 |
|a 364.168 03
|2 22
|
| 245 |
0 |
0 |
|a Encyclopedia of white- collar and corporate crime :
|b Volume 1 ; General editor Lawrence M. Salinger.
|
| 260 |
|
|
|a Thousand oaks,Calif. :
|b Sage publications,
|c 2005
|
| 300 |
|
|
|a 2τ.(xxviii,974)σ. :
|b εικ. ;
|c 29εκ.
|
| 504 |
|
|
|a Περιλαμβάνει βιβλιογραφίες και ευρετήριο.
|
| 650 |
|
0 |
|a Commercial crimes
|x Encyclopedias
|
| 650 |
|
0 |
|a Political corruption
|
| 650 |
|
4 |
|a Διαφθορά
|x Πολιτική
|
| 650 |
|
4 |
|a Πολιτικά εγκλήματα
|
| 700 |
1 |
|
|a Salinger, Lawrence M.
|
| 942 |
|
|
|2 ddc
|
| 952 |
|
|
|0 0
|1 0
|2 ddc
|3 Volume 1
|4 0
|6 364_168000000000000_03_ENC
|7 0
|9 270602
|a MSLG
|b MSLG
|c BSC
|d 2021-01-17
|e 24
|f 0
|g 0.00
|l 0
|o 364.168 03 ENC
|p 2420000021081
|r 2021-01-17 00:00:00
|t 1
|v 2021.00
|w 2021-01-17
|y BK15
|x BAΣΙΛΕΙΑΔΗΣ ΒΑΣΙΛΕΙΟΣ ΕΡΓΑΣΤΗΡΙΟ ΚΟΙΝΩΝΙΚΗΣ ΠΛΗΡΟΦΟΡΙΚΗΣ ΤΜ ΔΕΜΕΣ
|x 20070316 0 0
|x GrPaTEI
|
| 952 |
|
|
|0 0
|1 0
|2 ddc
|3 Volume 2
|4 0
|6 364_168000000000000_03_ENC
|7 0
|9 270603
|a MSLG
|b MSLG
|c BSC
|d 2021-01-17
|e 24
|f 0
|g 0.00
|l 0
|o 364.168 03 ENC
|p 2420000021082
|r 2021-01-17 00:00:00
|t 1
|v 2021.00
|w 2021-01-17
|y BK15
|x BAΣΙΛΕΙΑΔΗΣ ΒΑΣΙΛΕΙΟΣ ΕΡΓΑΣΤΗΡΙΟ ΚΟΙΝΩΝΙΚΗΣ ΠΛΗΡΟΦΟΡΙΚΗΣ ΤΜ ΔΕΜΕΣ
|x 20070316 0 0
|x GrPaTEI
|
| 971 |
|
|
|a .b25778481
|b 15-04-20
|c 13-09-16
|
| 999 |
|
|
|c 156311
|d 156311
|